Central Library and Information Centre
Sibsagar Girls' College, Sivasagar : Assam

BRAHMAPUTRA ETYADI PADYA (Record no. 32259)

MARC details
000 -LEADER
fixed length control field 00340nam a22001457a 4500
005 - DATE AND TIME OF LATEST TRANSACTION
control field 20260305082557.0
008 - FIXED-LENGTH DATA ELEMENTS--GENERAL INFORMATION
fixed length control field 260305b |||||||| |||| 00| 0 eng d
040 ## - CATALOGING SOURCE
Original cataloging agency
Transcribing agency
100 ## - MAIN ENTRY--PERSONAL NAME
Personal name BORUAH AJIT
9 (RLIN) 1170
245 ## - TITLE STATEMENT
Title BRAHMAPUTRA ETYADI PADYA
250 ## - EDITION STATEMENT
Edition statement 2ND
260 ## - PUBLICATION, DISTRIBUTION, ETC.
Place of publication, distribution, etc. GUWAHATI
Name of publisher, distributor, etc. BANALATA
Date of publication, distribution, etc. 1992
300 ## - PHYSICAL DESCRIPTION
Extent 96;P
942 ## - ADDED ENTRY ELEMENTS (KOHA)
Source of classification or shelving scheme Dewey Decimal Classification
Koha item type Books
Holdings
Withdrawn status Lost status Source of classification or shelving scheme Damaged status Not for loan Home library Current library Shelving location Date acquired Total Checkouts Barcode Date last seen Price effective from Koha item type Public note
    Dewey Decimal Classification     Central Library and Information Centre Sibsagar Girls College Central Library and Information Centre Sibsagar Girls College BBLMC 18.02.2022   47474 05.03.2026 05.03.2026 Books V


Sibsagar Girl's College © 2020. All rights reserved.
Powered by Koha.
Maintained by Abhijit Borpuzari.